000 00439nam a22001335i 4500
001 173942
003 ES-MaACL
005 20230906215410.0
008 100201s1880 sp |||| | spa d
245 0 0 _aConsecuencias del donativo destinado por el marqués de Guadiaro á un objeto piadoso y útil.
260 _aMadrid :
_b[s.n.],
_c1880 (
_fImp. y fundición de Manuel Tello)
300 _a19 p. ;
_c22 cm.
852 _aES-MaACL
_jT-377-F-3
999 _c173942
_d173942